000 00512nam a2200181Ia 4500
005 20250508152220.0
008 008 250505s9999 xx 000 0 eng d
037 _aBooks to be hide in OPAC
040 _aFEDL
_beng
_cFEDL
041 _aeng
_2eng
084 _a591.96, AST/O
_qFEDL
100 _aAstley-Maberly C T
_9761040
245 0 _aWay of the wild
260 _aLondon, UK
_bGeorge Allen and Unwin Limited
300 _a98p.
942 _cHB
_h591.96, AST/O
999 _c1335017
_d1335017